| 000 | 00850nam a2200217 a 4500 | ||
|---|---|---|---|
| 001 | 000041229 | ||
| 005 | 20230519124859.0 | ||
| 008 | 130926s2000 sp 001 0 spa d | ||
| 020 | _a8400079035 | ||
| 040 |
_aDO-SdBNP _bspa _cBNPHU |
||
| 040 |
_aDO-SdBNP _bspa _cBNPHU |
||
| 100 | 1 |
_aFerrer Mallol, Maria Teresa _967807 |
|
| 245 | 1 | 0 |
_aCorsarios Castellanos y Vascos en el Mediterráneo Medieval / _cMaría Teresa Ferrer Mallol. |
| 260 |
_aBarcelona : _bConsejo Superior de Investigaciones Científicas, _c2000. |
||
| 300 |
_a352 p. ; _c25 cm. |
||
| 490 | 1 |
_aAnuarios de estudios medievales _aanejo _v40 |
|
| 500 | _aIncluye índice | ||
| 504 | _aIncluye referencias bibliográficas y notas al pie de las páginas | ||
| 710 | 2 |
_aConsejo Superior de Investigaciones Científicas, _94786 |
|
| 830 | 0 |
_aAnuarios de estudios medievales _pAnejo _n40 _967808 |
|
| 999 |
_c40719 _d40719 |
||